Online
Catalog

Kalendergeschichten / (Record no. 919)

MARC details
000 -CABECERA
campo de control de longitud fija 00497cam a2200169 a 4500
001 - NÚMERO DE CONTROL
campo de control 000000928
005 - FECHA Y HORA DE LA ÚLTIMA TRANSACCIÓN
campo de control 20200929145438.0
008 - DATOS DE LONGITUD FIJA--INFORMACIÓN GENERAL
campo de control de longitud fija 851228s1955 gw 000 0 ger d
010 ## - NÚMERO DE CONTROL DE LA BIBLIOTECA DEL CONGRESO
Número de control de LC 50026621
040 ## - FUENTE DE LA CATALOGACIÓN
Centro catalogador/agencia de origen DO-SdBNP
Lengua de catalogación spa
Centro/agencia transcriptor BNPHU
082 ## - NÚMERO DE LA CLASIFICACIÓN DECIMAL DEWEY
Número de clasificación 830
Número de documento/Ítem B829k
100 1# - ENTRADA PRINCIPAL--NOMBRE DE PERSONA
Nombre de persona Brecht, Von Bertolt,
Fechas asociadas al nombre 1898-1956.
9 (RLIN) 3273
245 10 - MENCIÓN DE TÍTULO
Título Kalendergeschichten /
Mención de responsabilidad, etc. Von Bertolt Brecht.
260 ## - PUBLICACIÓN, DISTRIBUCIÓN, ETC.
Lugar de publicación, distribución, etc. Berlin :
Nombre del editor, distribuidor, etc. Ro Ro Ro Rowohlt,
Fecha de publicación, distribución, etc. [1955 ?].
300 ## - DESCRIPCIÓN FÍSICA
Extensión 142, [16] p. ;
Dimensiones 19 cm.
650 #4 - PUNTO DE ACCESO ADICIONAL DE MATERIA--TÉRMINO DE MATERIA
Término de materia o nombre geográfico como elemento de entrada Literatura alemana
9 (RLIN) 3274
Holdings
Estado de retiro Estado de pérdida No para préstamo Código de colección Localización permanente Ubicación/localización actual Ubicación en estantería Fecha de adquisición Número de inventario Total de préstamos Signatura topográfica completa Código de barras Fecha visto por última vez Precio válido a partir de Tipo de ítem Koha
    Préstamo en sala Dominicana de Servicio Biblioteca Nacional Pedro Henríquez Ureña Biblioteca Nacional Pedro Henríquez Ureña Depósito 15.06.2009 LF1   830 B829k 928-20 25.06.2020 25.06.2020 Libros y folletos

Powered by Koha